Aristocratic century : (Record no. 9491)

MARC details
000 -LEADER
fixed length control field 01225cam a2200325 a 4500
001 - CONTROL NUMBER
control field 2367990
005 - DATE AND TIME OF LATEST TRANSACTION
control field 20260502090222.0
008 - FIXED-LENGTH DATA ELEMENTS--GENERAL INFORMATION
fixed length control field 840404s1984 enk b 001 0 eng
010 ## - LIBRARY OF CONGRESS CONTROL NUMBER
LC control number 84007721
020 ## - INTERNATIONAL STANDARD BOOK NUMBER
International Standard Book Number 0521257298
020 ## - INTERNATIONAL STANDARD BOOK NUMBER
International Standard Book Number 9780521257299
035 ## - SYSTEM CONTROL NUMBER
System control number 2367990
040 ## - CATALOGING SOURCE
Original cataloging agency DLC
Transcribing agency DLC
Modifying agency DLC
043 ## - GEOGRAPHIC AREA CODE
Geographic area code e-uk---
050 00 - LIBRARY OF CONGRESS CALL NUMBER
Classification number HT653.G7
Item number C37 1984
082 00 - DEWEY DECIMAL CLASSIFICATION NUMBER
Classification number 305.5/223/0942
Edition number 19
100 1# - MAIN ENTRY--PERSONAL NAME
Personal name Cannon, John,
Dates associated with a name 1926-2012.
245 10 - TITLE STATEMENT
Title Aristocratic century :
Remainder of title the peerage of eighteenth-century England /
Statement of responsibility, etc. John Cannon.
260 ## - PUBLICATION, DISTRIBUTION, ETC. (IMPRINT)
Place of publication, distribution, etc. Cambridge [Cambridgeshire] ;
-- New York :
Name of publisher, distributor, etc. Cambridge University Press,
Date of publication, distribution, etc. 1984.
300 ## - PHYSICAL DESCRIPTION
Extent x, 193 p. ;
Dimensions 24 cm.
440 #4 - SERIES STATEMENT/ADDED ENTRY--TITLE
Title The Wiles lectures
504 ## - BIBLIOGRAPHY, ETC. NOTE
Bibliography, etc Includes bibliographical references and index.
650 #0 - SUBJECT ADDED ENTRY--TOPICAL TERM
Topical term or geographic name as entry element Nobility
Geographic subdivision Great Britain
General subdivision History
Chronological subdivision 18th century.
651 #0 - SUBJECT ADDED ENTRY--GEOGRAPHIC NAME
Geographic name Great Britain
General subdivision Social conditions
Chronological subdivision 18th century.
856 42 - ELECTRONIC LOCATION AND ACCESS
Materials specified Publisher description
Uniform Resource Identifier <a href="http://www.loc.gov/catdir/description/cam022/84007721.html">http://www.loc.gov/catdir/description/cam022/84007721.html</a>
856 41 - ELECTRONIC LOCATION AND ACCESS
Materials specified Table of contents
Uniform Resource Identifier <a href="http://www.loc.gov/catdir/toc/cam021/84007721.html">http://www.loc.gov/catdir/toc/cam021/84007721.html</a>
906 ## - LOCAL DATA ELEMENT F, LDF (RLIN)
a 7
b cbc
c orignew
d 1
e ocip
f 19
g y-gencatlg
942 ## - ADDED ENTRY ELEMENTS (KOHA)
Source of classification or shelving scheme Dewey Decimal Classification
Koha item type BOOKS
Holdings
Withdrawn status Lost status Source of classification or shelving scheme Damaged status Not for loan Home library Current library Shelving location Date acquired Total Checkouts Full call number Barcode Date last seen Price effective from Koha item type
    Dewey Decimal Classification     Dodoma Dodoma Ground Floor 02/05/2026   305.5/223/0942 LIB002340 02/05/2026 02/05/2026 BOOKS

IRDP © 2021 :: Managed by ICT Team